000 00517nam a2200181Ia 4500
005 20250508160722.0
008 008 250505s9999 xx 000 0 eng d
037 _aTextual
040 _aFEDL
_beng
_cFEDL
041 _aeng
_2eng
084 _a370.193, OPE
_qFEDL
245 0 _aSchool and society : A sociological reader
245 0 _cOpen University
260 _aLondon, UK
_bRoutledge and Kegan Paul
_c1971
300 _axii,240p
942 _cTEXL
_h370.193, OPE
999 _c1366214
_d1366214